00940cam5a220026500 4500001001200000008004100012010002200053015001800075020001100093035001900104035002700123035002200150040001700172050001600189100006500205245006300270260011100333490004300444504003200487650003000519830005600549949004400605004000600649999001900655lcf00036523840523s1969 gw a b 000 0 ger  a 72317240 //r84 aGDB69-A46-687 cDM8.90 a(Sirsi) r12080 a(DLC) 72317240 //r84 a(UPRA)lcf00036523 aDLC/ICUcICU0 aQA246b.S391 aSchwarz, Wolfgang, 1934-dSchwarz, Wolfgang, 1934-6A66519.110aEinfuhrung in Methoden und Ergebnisse der Primzahltheorie. aMannheim, Wien, Zurich,aMannheim, Wien, Zurich,aMannheim, Wien, Zurich,bBibliographisches Inst.c(1969)1 aB.I.-Hochschultaschenbucher,v278/278a aBibliography: p. [218]-224. 0aNumbers, Prime.6S35369.1 0aB. I.-Hochschultaschenbucher ;v278/278a.6S10611.1 aQA246wlcci-4881mMAINtBOOKlON-SHELF12080 c142834d142834